000 00321nam a2200109Ia 4500
008 171211s9999 xx 000 0 und d
245 _aEncyclopedia of American Journalism
245 _cStephen L. Vaughn
260 _c2007
650 _xEncyclopedia and Dictionary
856 _uhttp://down.ebook777.com/056/0415969506.pdf
999 _c350189
_d350189